000 00406nam a2200181Ia 4500
001 24220
005 20260414151029.0
008 260414t1976||||xx |||||||||||||| ||spa||
041 _aESP
082 _a796.31
_bM58
100 _aMillo, Lorenzo
_eAUT
245 0 _aEl trinquet
_b
260 _c1976
300 _a352 páginas :
_c22 cm.
650 _aABD
654 _aCAU
942 _cLIB
_dJUS
_fJUS
_2ddc
_n
999 _c24220
_d24220